[Event "Wch U14 Girls"]
[Site "Al Ain"]
[Date "2013.12.26"]
[Round "9"]
[White "Jayasundara, HJMRM"]
[Black "Van Zyl, Charlize"]
[Result "0-1"]
[WhiteElo "1554"]
[BlackElo "1810"]
[PlyCount "100"]
[EventDate "2013.12.18"]
[EventType "swiss"]
[EventRounds "11"]
[EventCountry "UAE"]
[SourceTitle "CBM 158 Extra"]
[Source "ChessBase"]
[SourceDate "2014.02.28"]
[SourceVersion "1"]
[SourceVersionDate "2014.02.28"]
[SourceQuality "1"]

1. e4 c5 2. Nf3 d6 3. d4 cxd4 4. Nxd4 Nf6 5. Nc3 g6 6. Be3 Bg7 7. f3 0-0 8. Qd2 Nc6 9. 0-0-0 Bd7 10. g4 Nxd4 11. Bxd4 Qa5 12. h4 Rfc8 13. h5 Rxc3 14. Qxc3 Qxa2 15. hxg6 hxg6 16. g5 Rc8 17. Qa3 Qxa3 18. bxa3 Nh5 19. Bxg7 Kxg7 20. Bh3 Bxh3 21. Rxh3 Nf4 22. Rh4 Ne2+ 23. Kd2 Nd4 24. Rh3 Rxc2+ 25. Kd3 e5 26. Rdh1 Kf8 27. Rh8+ Ke7 28. Rb8 Rc7 29. f4 Nc6 30. Rbh8 exf4 31. Ke2 Ne5 32. Rf1 f3+ 33. Kd2 Rc4 34. Rb8 Rd4+ 35. Kc1 Rc4+ 36. Kd2 Rc7 37. Kd1 b6 38. Rf2 Nd7 39. Ra8 Ne5 40. Rb8 Ke6 41. Re8+ Kd7 42. Rb8 Rc4 43. Rb7+ Ke6 44. Rxa7 Rxe4 45. Ra6 Re3 46. Rxb6 Rxa3 47. Rb5 Kf5 48. Rd5 Kxg5 49. Rxd6 Ra1+ 50. Kd2 Nc4+ 0-1

[Event "Wch U14 Girls"]
[Site "Al Ain"]
[Date "2013.12.21"]
[Round "5"]
[White "Jayasundara, HJMRM"]
[Black "Majidi, Kimia"]
[Result "1/2-1/2"]
[WhiteElo "1554"]
[BlackElo "1742"]
[PlyCount "57"]
[EventDate "2013.12.18"]
[EventType "swiss"]
[EventRounds "11"]
[EventCountry "UAE"]
[SourceTitle "CBM 158 Extra"]
[Source "ChessBase"]
[SourceDate "2014.02.28"]
[SourceVersion "1"]
[SourceVersionDate "2014.02.28"]
[SourceQuality "1"]

1. e4 e6 2. d4 d5 3. Nc3 Nf6 4. Bg5 Be7 5. e5 Nfd7 6. Bxe7 Qxe7 7. f4 a6 8. Nf3 c5 9. g3 Nc6 10. Bg2 h5 11. Qd2 b5 12. Ne2 Bb7 13. Nh4 Rc8 14. f5 Nxd4 15. Nxd4 cxd4 16. fxe6 Qxe6 17. 0-0 0-0 18. Rf5 g6 19. Rg5 Nc5 20. Rf1 Qb6 21. Rxh5 Rc6 22. Bxd5 gxh5 23. Bxc6 Qxc6 24. Qg5+ Kh7 25. Qf5+ Kg8 26. Qg5+ Kh7 27. Qf5+ Kg8 28. Qg5+ Kh7 29. Qf5+ 1/2-1/2

[Event "SRI-ch (Women)"]
[Site "Colombo"]
[Date "2013.10.05"]
[Round "9"]
[White "Jayasundara, HJMRM"]
[Black "Mendis, Dasuni Hansika"]
[Result "1/2-1/2"]
[WhiteElo "1546"]
[BlackElo "1533"]
[PlyCount "54"]
[EventDate "2013.09.27"]
[EventType "tourn"]
[EventRounds "13"]
[EventCountry "SRI"]
[SourceTitle "CBM 156 Extra"]
[Source "ChessBase"]
[SourceDate "2013.10.22"]
[SourceVersion "1"]
[SourceVersionDate "2013.10.22"]
[SourceQuality "1"]

1. e4 c5 2. Nf3 d6 3. d4 cxd4 4. Nxd4 Nf6 5. Nc3 g6 6. Be3 Bg7 7. f3 0-0 8. Qd2 Bd7 9. 0-0-0 Nc6 10. g4 Rb8 11. h4 Re8 12. h5 a6 13. hxg6 fxg6 14. Bc4+ Kh8 15. Qh2 Nxd4 16. Bxd4 e5 17. Nd5 h6 18. Be3 Ng8 19. Qd2 Kh7 20. Rh2 b5 21. Bxh6 Bxh6 22. Rxh6+ Nxh6 23. Rh1 g5 24. Qh2 Re6 25. Nc7 Rg6 26. Bf7 Qf8 27. Bxg6+ Kxg6 1/2-1/2

[Event "SRI-ch (Women)"]
[Site "Colombo"]
[Date "2013.09.27"]
[Round "2"]
[White "Wickramasinghe, Dilhara Ishini"]
[Black "Jayasundara, HJMRM"]
[Result "1-0"]
[WhiteElo "1548"]
[BlackElo "1546"]
[PlyCount "83"]
[EventDate "2013.09.27"]
[EventType "tourn"]
[EventRounds "13"]
[EventCountry "SRI"]
[SourceTitle "CBM 156 Extra"]
[Source "ChessBase"]
[SourceDate "2013.10.22"]
[SourceVersion "1"]
[SourceVersionDate "2013.10.22"]
[SourceQuality "1"]

1. d4 Nf6 2. Nf3 g6 3. c4 Bg7 4. Nc3 0-0 5. e4 d6 6. Be2 e5 7. 0-0 Nc6 8. d5 Ne7 9. Ne1 Ne8 10. Nd3 f5 11. Bd2 Nf6 12. f3 f4 13. c5 g5 14. cxd6 cxd6 15. Nf2 h5 16. h3 Ng6 17. Rc1 Rf7 18. a4 Bf8 19. Nb5 a6 20. Na3 Nd7 21. a5 Rh7 22. Nc4 Nh8 23. Bb4 Nf7 24. Qb3 Rg7 25. Rc3 Rg6 26. Rfc1 Nh6 27. Qc2 Nc5 28. Nxd6 Bxd6 29. Bxc5 Bxc5 30. Rxc5 Bd7 31. Qc3 b6 32. axb6 Qxb6 33. Qxe5 Re8 34. Qc7 Qxc7 35. Rxc7 Ba4 36. Rb7 Nf7 37. b3 Nd6 38. Rb6 Bd7 39. Rc7 Bb5 40. Bxb5 axb5 41. Rcc6 Rd8 42. e5 1-0

[Event "Wch U14 Girls"]
[Site "Al Ain"]
[Date "2013.??.??"]
[Round "1"]
[White "Jayasundara, HJMRM"]
[Black "Kanakova, Natalie"]
[Result "0-1"]
[WhiteElo "1554"]
[BlackElo "1911"]
[PlyCount "82"]
[EventDate "2013.12.18"]
[EventType "swiss"]
[EventRounds "11"]
[EventCountry "UAE"]
[SourceTitle "CBM 158 Extra"]
[Source "ChessBase"]
[SourceDate "2014.02.28"]
[SourceVersion "1"]
[SourceVersionDate "2014.02.28"]
[SourceQuality "1"]

1. e4 c5 2. Nf3 e6 3. d4 cxd4 4. Nxd4 Nf6 5. Nc3 Nc6 6. Be3 Bb4 7. f3 d5 8. Nxc6 bxc6 9. exd5 cxd5 10. Bb5+ Bd7 11. Bxd7+ Qxd7 12. Bd4 Qe7 13. 0-0 0-0 14. Qe2 Rfc8 15. Rfd1 Rc4 16. Kh1 Rac8 17. Qe5 Bd6 18. Qe1 e5 19. Bf2 d4 20. Ne4 Nxe4 21. fxe4 Rxc2 22. Bh4 Qb7 23. Rab1 f5 24. Rdc1 d3 25. Rd1 Re2 26. Qg3 fxe4 27. Rf1 Rxb2 28. Rxb2 Qxb2 29. Qg4 Rf8 30. Qe6+ Kh8 31. Rxf8+ Bxf8 32. h3 Qc1+ 33. Kh2 Qf4+ 34. Bg3 Qf6 35. Qd5 Qd6 36. Qb3 d2 37. Qd1 e3 38. Be1 dxe1Q 39. Qxe1 e4+ 40. Kg1 Qd2 41. Qf1 Bc5 0-1